Normal view
MARC view
- Oñate y García de la Rasilla, María Pilar de
Entry Nombre Personal
001 - NUMERO DE CONTROL
- campo de control: 39996
003 - IDENTIFICADOR DE NUMERO DE CONTROL
- campo de control: UPN
005 - FECHA Y HORA DE LA ÜLTIMA TRANSACCIÓN
- campo de control: 20210219194551.0
008 - DATOS DE LONGITUD FIJA
- campo de control de longitud fija: nabaccnnaabn|||||||||| b |nc|||||d
035 ## - NUMERO DE CONTROL
- Número de control: UPN11000012103
040 ## - FUENTE DE CATALOGACIÓN
- Lenguaje de catalogación: SPA
- Agencia de transcripción: UPN
100 1# - ENCABEZAMIENTO - NOMBRE PERSONAL
- Nombre personal: Oñate y García de la Rasilla, María Pilar de
670 ## - FUENTE EN LA QUE SE LOCALIZARON DATOS
- Cita de la fuente: T
- Información localizada: El autoconcepto : formación, medida e implicaciones en la personalidad
680 ## - NOTA PUBLICA DE ACCESO PÚBLICO
- Frase explicativa de la referencia: España. Profra. Titular de Psicología Evolutiva y de la Educación en la Universidad Complutense de Madrid.
902 ## - CATALOGADOR
- Catalogador: EMR/230317
